000 00532nam a2200181Ia 4500
008 100917s9999 xx 000 0 und d
082 _b56030
100 _aप्रधान श्रीधर
245 _aकसोटीचे क्षण
260 _bमनोरमा प्रकाशन
_c1983
300 _a230
365 _b45
520 _aचरित्र
630 _aकसोटीचे क्षण
650 _aचरित्र
730 _aकसोटीचे क्षण
942 _cBOOK
999 _c661424
_d661421